Statistics for Quiz o Polsku

Click here to take the quiz!

General Stats

  • This quiz has been taken 146 times
  • The average score is 8 of 20

Answer Stats

SpropitnéOdpověď% Correct
Hlavní městoVaršava
100%
Polská měnaZłoty
81%
Druhé největší město / bývalé hlavní městoKrakov
79%
Polský název v polštiněPolska
71%
Nejdelší řekaVisla
58%
Moře severně od PolskaBaltské moře
56%
Radiační výzkumník, který jako první ženě byla udělena Nobelova cenaMaria Skłodowska-Curie
55%
Bývalé svobodné město, známé v Německa jako DanzigGdaňsk
52%
Řeka na polsko-německé hraniciOdra
51%
Konstruktor heliocentrických modelů Sluneční SoustavaMikuláš Koperník
50%
Jediný polský papežJan Pavel II
46%
Klavírní virtuos i skladatel „Minute Waltz“Fryderyk Chopin
37%
Hlavní město Horního SlezskaKatowice
30%
Vedoucí výše uvedeného A Prezident Polské republiky v letech 1990-95Lech Wałęsa
22%
Odborová organizace, která odporovala SovětůmSolidarność
19%
Uprchlý tvůrce filmu „Pianista“Roman Polański
18%
Polský plněný knedlíkPierogi
14%
Snědené koblihy minulý čtvrtek před půstemPączki
6%
Ostatni król PolskiStanisław II August
1%
Divoký dobytek, který vymřel v roce 1627Wisent
1%

Score Distribution

Percentile by Number Answered

Percent of People with Each Score

Your Score History

You have not taken this quiz